1980 1817 1578 1370 1797 1384 1770 1011 1402 1179 1656 1853 1141 1450 1991 1764 1395 1486 1394 1013 1036 1481 1636 1768 1788 1684 1510 1723 1994 1121 1999 1955 1465 1366 1297 1050 1777 1139 1024 1451 1854 1256 1672 1014 1151 1649 1020 1544 1044 1344 1288 1676 1926 1478 1723 1762 1064 1940 1997 1401 1090 1298 1654 1595 1752 1040 1334 1105 1532 1210 1513 1831 1991 1313 1726 1135 1764 1926 1276 1115 1461 1067 1872 1055 1757 1658 1239 1847 1260 1217 1873 1801 1787 1053 1247 1090 1323 1504 1331 BCNSPRNW ULIB Ver.6.0+V

เปลี่ยนเป็นภาษาไทย

Change to English
 แสดงรายละเอียดบรรณานุกรม
  กลับหน้าหลัก

Brief Record : Get Marc (ISO 2709) : E-mail record : QR code < ปิดหน้าต่าง
LEADER : 00000nam 2200000uu 4500
001    13399113689
003     ULIB
008    111215s||||||||th 000 0 tha d
020    9786117182105
090    นว.^bไม่พบรหัส 2552
100 0  Re-Peat Again
245 00 เจ้าสาวยากูซ่า/^cRe-Peat Again
250    พิมพ์ครั้งที่ 1
260    กรุงเทพฯ :^bยูแพดอินเตอร์,^c2552
300    265 หน้า
710 1  ยูแพดอินเตอร์
945    ^p175^l0^i028099
995    ทศพร
999 ^a ทศพร
รายการนี้ยังไม่มีแท็ก
คุณยังไม่ได้ล็อกอิน คุณสามารถมีกิจกรรมร่วมกับเว็บไซต์ได้ แต่ต้องล็อกอินก่อน ::
  ล็อกอิน

รายการสื่อสารสนเทศ

ลำดับที่ ประเภท เลขเรียก/บาร์โค้ด สถานที่ สถานะ
1. นวนิยาย
นวนิยาย
นว. ไม่พบรหัส 2552 ฉ.1 
  Barcode: 028099
ห้องสมุดวิทยาเขตสวรรค์ประชารักษ์
►นวนิยาย
บนชั้น
  ขอยืม

BibComment


ยังไม่เคยถูกคอมเมนท์

คอมเมนท์ทรัพยากรรายการนี้
  คอมเมนท์: เจ้าสาวยากูซ่า Re..


 Copyright 2026. Bcnsprnw @Library